Quick Pick: Greek Gods and Planets Quiz Stats

 Plays Quiz Updated Sep 10, 2016

Challenge
Share
Tweet
Embed
Score 0/6 Timer 00:30
0 Plays Today
% Correct
Neptune
91%
Venus
88.7%
Mars
84%
Jupiter
82.1%
Mercury
78.6%
Saturn
70.3%

Today's Daily Dose

You're not logged in!

Compare scores with friends on all Sporcle quizzes.
Join for Free
OR
Log In

You Might Also Like...

Show Comments

Extras

Top Quizzes Today


Score Distribution

Your Account Isn't Verified!

In order to create a playlist on Sporcle, you need to verify the email address you used during registration. Go to your Sporcle Settings to finish the process.

Report this User

Report this user for behavior that violates our Community Guidelines.

Details: